| 000 | 00530nam a22001697a 4500 | ||
|---|---|---|---|
| 005 | 20251108164338.0 | ||
| 008 | 250721s1983 xx 000 0 ara d | ||
| 082 | 1 | 4 | _a691/محم |
| 100 | 1 | _aحسين، محمد رشادالدين مصطفى | |
| 245 | 1 | 0 | _aخواص مواد البناء و إختباراتها / |
| 264 | 1 |
_aبيروت : _bمنشورات الراتب، _c1983. |
|
| 300 | _a277ص : مواد توضيحيه | ||
| 650 | 1 | 7 | _aالبناء |
| 650 | 1 | 7 | _aمواد البناء |
| 942 |
_2ddc _cBK |
||
| 999 |
_c9895 _d9895 |
||